A carregar...

Karshakanta Bariya. /

Detalhes bibliográficos
Autor principal: Ramanmenon, Tk
Idioma:Undetermined
Publicado em: 1955.
LEADER 00522nam a2200133Ia 4500
001 57314
008 170722s9999 xx 000 0 und d
100 |a Ramanmenon, Tk 
245 |a Karshakanta Bariya. / 
260 |c 1955. 
942 |c GEN 
999 |c 54280  |d 54280 
952 |0 1  |1 0  |4 0  |6 O_322M991X_J5J51_KKR  |7 0  |9 77179  |a LIB  |b LIB  |d 2017-08-12  |o O32,2M991x J5-J5;1 (K)(KR)  |p 74660  |r 2017-08-12  |w 2017-08-12  |y GEN 
952 |0 0  |1 0  |4 0  |6 O_322M991X_J5J51_KKR  |7 0  |9 77180  |a LIB  |b LIB  |d 2017-08-12  |o O32,2M991x J5-J5;1 (K)(KR)  |p 141128  |r 2017-08-12  |w 2017-08-12  |y GEN